[Event "Santo Domingo Duarte Memorial 6th"]
[Site "Santo Domingo"]
[Date "2017.02.03"]
[Round "5"]
[White "Pacheco Marte, Sergio Andres"]
[Black "Sepulveda, Domingo Antonio"]
[Result "1-0"]
[WhiteElo "1625"]
[BlackElo "1727"]
[PlyCount "57"]
[EventDate "2017.01.27"]
[EventType "swiss"]
[EventRounds "8"]
[EventCountry "DOM"]
[SourceTitle "CBM 176 Extra"]
[Source "ChessBase"]
[SourceDate "2017.03.02"]
[SourceVersion "1"]
[SourceVersionDate "2017.03.02"]
[SourceQuality "1"]

1. e4 c5 2. Nf3 d6 3. d3 Nf6 4. g3 Nc6 5. Bg2 e5 6. 0-0 Be6 7. c3 h5 8. Na3 a6 9. Nc2 Be7 10. Re1 Bg4 11. h3 Bxf3 12. Bxf3 g6 13. Bg2 Nh7 14. d4 cxd4 15. cxd4 f6 16. d5 Na7 17. a4 Qd7 18. Be3 Kf7 19. Na3 Bd8 20. Rc1 Ng5 21. h4 Nh7 22. Qd2 Qxa4 23. Nc4 Nc8 24. Rc2 b5 25. b3 Qxb3 26. Rc3 Qb4 27. Nxe5+ fxe5 28. Rc7+ Bxc7 29. Qxb4 1-0

[Event "Santo Domingo Duarte Memorial 6th"]
[Site "Santo Domingo"]
[Date "2017.01.29"]
[Round "4"]
[White "Coronado Paulino, Karen Libell"]
[Black "Sepulveda, Domingo Antonio"]
[Result "1-0"]
[WhiteElo "1710"]
[BlackElo "1727"]
[PlyCount "75"]
[EventDate "2017.01.27"]
[EventType "swiss"]
[EventRounds "8"]
[EventCountry "DOM"]
[SourceTitle "CBM 176 Extra"]
[Source "ChessBase"]
[SourceDate "2017.03.02"]
[SourceVersion "1"]
[SourceVersionDate "2017.03.02"]
[SourceQuality "1"]

1. e4 c5 2. Nf3 d6 3. d4 cxd4 4. Nxd4 Nf6 5. Nc3 g6 6. Bc4 Nc6 7. f3 Bg7 8. Be3 0-0 9. Qd2 Bd7 10. 0-0-0 Ne5 11. Bb3 Rc8 12. g4 b5 13. g5 Nh5 14. Nce2 a5 15. a3 a4 16. Ba2 Nc4 17. Bxc4 Rxc4 18. f4 Qc7 19. Rhf1 Rc8 20. Nc3 b4 21. Nd5 Qd8 22. Nxb4 e5 23. fxe5 Bxe5 24. Nf3 Bg4 25. Nxe5 Rxb4 26. Nxg4 Rbc4 27. Nh6+ Kf8 28. Rxf7+ Ke8 29. Rf8+ Kxf8 30. Qf2+ Nf6 31. Qxf6+ Qxf6 32. gxf6 Rxc2+ 33. Kb1 Re2 34. Bf4 Rf2 35. Bxd6+ Ke8 36. e5 Rcc2 37. f7+ Kd7 38. Bc5+ 1-0

[Event "Santo Domingo Duarte Memorial 6th"]
[Site "Santo Domingo"]
[Date "2017.01.27"]
[Round "1"]
[White "Sepulveda, Domingo Antonio"]
[Black "Brito Cedeno, Pedro Maria"]
[Result "0-1"]
[WhiteElo "1727"]
[BlackElo "1872"]
[PlyCount "93"]
[EventDate "2017.01.27"]
[EventType "swiss"]
[EventRounds "8"]
[EventCountry "DOM"]
[SourceTitle "CBM 176 Extra"]
[Source "ChessBase"]
[SourceDate "2017.03.02"]
[SourceVersion "1"]
[SourceVersionDate "2017.03.02"]
[SourceQuality "1"]

1. e4 e6 2. d4 d5 3. Bd3 dxe4 4. Bxe4 Nf6 5. Bg5 Nbd7 6. Nf3 Be7 7. Bd3 c5 8. c3 0-0 9. 0-0 cxd4 10. Nxd4 a6 11. Qc2 Qa5 12. Be3 Ne5 13. Be2 Neg4 14. Bf4 e5 15. Nb3 Qc7 16. Bg3 Re8 17. N1d2 b5 18. Ne4 Nh5 19. f3 Ne3 20. Qd3 Nxf1 21. Rxf1 Nxg3 22. Nxg3 Bb7 23. Qf5 g6 24. Qh3 Rad8 25. Qh6 Bf8 26. Qg5 Qb6+ 27. Kh1 Bg7 28. Ne4 Bxe4 29. fxe4 f6 30. Qg4 a5 31. h4 a4 32. Nc1 Rd2 33. h5 Qe6 34. Qxe6+ Rxe6 35. Bxb5 Rb6 36. Bc4+ Kf8 37. b3 axb3 38. Bxb3 gxh5 39. Kg1 Bh6 40. Kh2 Rbd6 41. Kh3 Bg5 42. Bd5 Rb6 43. Nb3 Rd3+ 44. Rf3 Rd1 45. Rf2 Ke7 46. c4 h4 47. c5 0-1